书目信息 |
| 题名: |
济慈
|
|
| 作者: | 姚暨茶 , 朱炯强 著 | |
| 分册: | ||
| 出版信息: | 沈阳 辽宁人民出版社 1984 |
|
| 页数: | 154页 | |
| 开本: | 18cm | |
| 丛书名: | 外国文学评介丛书 | |
| 单 册: | ||
| 中图分类: | I561.064 | |
| 科图分类: | ||
| 主题词: | 文学评论--英国--近代 | |
| 电子资源: | ||
| ISBN: | ||
| 000 | 00724nam2 2200265 45 | |
| 001 | 0184003907 | |
| 005 | 20051026095916.68 | |
| 010 | @dCNY0.43 | |
| 091 | @a10090.368 | |
| 100 | @a19950511d1984 em y0chiy0121 ea | |
| 101 | 0 | @achi |
| 102 | @aCN@b210000 | |
| 105 | @ay r 000zy | |
| 200 | 10 | @a济慈@Aji ci@e1795—1821@f朱炯强,姚暨茶著 |
| 210 | @a沈阳@c辽宁人民出版社@d1984 | |
| 215 | @a154页@d18cm | |
| 225 | 2 | @a外国文学评介丛书 |
| 410 | 0 | @120010@a外国文学评介丛书 |
| 606 | @a文学评论@y英国@z近代 | |
| 690 | @aI561.064@v3 | |
| 701 | 0 | @a姚暨茶@Ayao ji cha@4著 |
| 701 | 0 | @a朱炯强@Azhu jiong qiang@4著 |
| 801 | 2 | @aCN@bNLC@c20051026 |
| 801 | 0 | @aCN@b上海图书馆@c20040409 |
| 905 | @f1@b126512@dI561.064@e136 | |
| 济慈:1795—1821/朱炯强,姚暨茶著.-沈阳:辽宁人民出版社,1984 |
| 154页;18cm.-(外国文学评介丛书) |
| ISBN :CNY0.43 |
| ● |
| 相关链接 |
|
|
|
|
正题名:济慈
索取号:I561.064/136
 
预约/预借
| 序号 | 登录号 | 条形码 | 馆藏地/架位号 | 状态 | 备注 |
| 1 | 0126511 | 000719681 | 第二借阅区/ [索取号:I561.064/136] | 在馆 | |
| 2 | 0126512 | 000680819 | 第二借阅区/ [索取号:I561.064/136] | 在馆 | |
| 3 | 0126513 | 000719645 | 第二借阅区/ [索取号:I561.064/136] | 在馆 | |
| 4 | 0126514 | 202132977 | 第二借阅区/ [索取号:I561.064/136] | 在馆 | |
| 5 | 0126515 | 000680855 | 第一样本阅览室/ [索取号:I561.064/136] | 在馆 |